| 000 | 00911cam4a220027700 4500 | ||
|---|---|---|---|
| 001 | lce00849745 | ||
| 008 | 740213s1971 ke 000 1 eng | ||
| 010 | _a 72983235 //r832 | ||
| 020 | _a0435900862 | ||
| 035 | _a(Sirsi) r51025 | ||
| 035 | _a(DLC) 72983235 //r832 | ||
| 035 | _a(UPRA)lce00849745 | ||
| 040 | _dUPRA | ||
| 041 | 1 |
_aeng fre _heng fre |
|
| 050 | 0 |
_aPQ3989.2.B35 _bA7 1971 |
|
| 082 | 0 |
_a843 _219 |
|
| 100 | 1 |
_aBebey, Francis. _6A8927.1 |
|
| 240 | 1 | 0 |
_aFils d'Agatha Moudio. English _lFils d'Agatha Moudio. English |
| 245 | 1 | 0 |
_aAgatha Moudio's son / _ctranslated by Joyce A. Hutchinson. |
| 260 |
_aNairobi : _bHeinemann, _c[1971] |
||
| 490 | 0 |
_aAfrican writers series ; _v86 _6S1925.1 |
|
| 500 | _aTranslation of Le fils d'Agatha Moudio. | ||
| 949 |
_aPQ3989.2.B35 _wlcc _i-64668 _mMAIN _tBOOK _lON-SHELF |
||
| 949 |
_aPQ3989.2.B35 _wlcc _i-64669 _mMAIN _tBOOK _lON-SHELF |
||
| 004 | 51025 | ||
| 999 |
_c133140 _d133140 |
||